Currículo integrado : aportes a la comprensión de la formación humana

Uloženo v:
Podrobná bibliografie
Hlavní autor: Marín Londoño, Beatriz
Další autoři: Tamayo Giraldo, Gonzalo
Médium: Kniha
Jazyk:Spanish
Vydáno: Pereira : Universidad Católica Popular de Risaralda, 2008.
Edice:Colección Maestros ; No. 6
Témata:
On-line přístup:Enlace del recurso
Tagy: Přidat tag
Žádné tagy, Buďte první, kdo vytvoří štítek k tomuto záznamu!

MARC

LEADER 00000nam a2200000 a 4500
001 C01236547c-7
003 OSt
005 20160627102641.0
008 110616s2008 ck gr 000 0 spa d
020 |a 9789588487007 
040 |a coboiie  |b spa   |c coboiie 
041 0 |a spa 
082 0 4 |a 378.199   |b M17c  
100 1 |a Marín Londoño, Beatriz. 
245 1 0 |a Currículo integrado :   |b aportes a la comprensión de la formación humana   |c Beatriz Marín Londoño, Gonzalo Tamayo Giraldo. 
260 |a Pereira :   |b Universidad Católica Popular de Risaralda,   |c 2008. 
300 |a 132 p. ;  
490 0 |a Colección Maestros ;   |v No. 6 
650 |a Educación. 
650 4 |a Currículo  |x  Investigaciones. 
650 4 |a Planificación curricular. 
700 1 |a Tamayo Giraldo, Gonzalo. 
942 |2 ddc  |c BK 
999 |c 4735  |d 4735 
856 |u https://catalogo.idep.edu.co/cgi-bin/koha/opac-detail.pl?biblionumber=4735  |z Enlace del recurso